00457nam a2200169Ia 4500100003000000250000600030942000700036366000700043654002200050245002200072260002800094082001700122300000800139546001200147999001700159952011100176 aMohan/Ned/ Undeland/Tore  a3 cBK f15 aPower Electronics aPower Electronics bJohn Wiley & Sonsc2003 a621.317bMOH a802 aENGLISH c25029d25029 001040708CRCaCRCEbCRCEd2023-03-17g369.72l0o621.317 MOHp15093r2023-03-17v434.97w2023-03-17yBK